000 00619nam a2200193 i 4500
001 28003
003 ES-MaACL
005 20230906153738.0
007 t|
008 030116s1919 xxu ||||1| eng d
100 1 _aBancroft, Jessie H.
_925169
245 1 0 _aHandbook of athletic games for players instructors and spectators /
_cby Jessie H. Bancroft and William Dean Pulvermacher.
260 _aNew York :
_bMacmillan and CÂș,
_c1919.
300 _aXXV, 627 p. ;
_c17 cm.
650 4 _aAtletismo.
_9140191
650 0 4 _aDeportes.
_911591
700 1 _aPulvermacher, William Dean.
_994392
852 _aES-MaACL
_jF-3008
999 _c28003
_d28003